Rayuela / (Registro nro. 106362)

Detalles MARC
000 -CABECERA
campo de control de longitud fija 00555nam a2200193 a 4500
005 - FECHA Y HORA DE LA ÚLTIMA TRANSACCIÓN
campo de control 20220622063432.0
008 - ELEMENTOS DE LONGITUD FIJA--INFORMACIÓN GENERAL
campo de control de longitud fija 040813s20002004mx r 000 0 spa d
020 ## - NÚMERO INTERNACIONAL NORMALIZADO PARA LIBROS
Número Internacional Estándar del Libro 9681902009
035 ## - NÚMERO DE CONTROL DEL SISTEMA
Número de control de sistema UPN01000134211
049 ## - COLECCIÓN
Colección CG
050 #4 - SIGNATURA TOPOGRÁFICA DE LA BIBLIOTECA DEL CONGRESO
Número de clasificación PQ7797 C6
Número de documento/Ítem R3c
100 1# - ASIENTO PRINCIPAL--NOMBRE PERSONAL
Nombre de persona Cortázar, Julio,
Fechas asociadas al nombre 1914-1984
245 10 - MENCIÓN DE TÍTULO
Título Rayuela /
Mención de responsabilidad, etc. Julio Cortázar.
260 ## - PUBLICACIÓN, DISTRIBUCIÓN, ETC.
Lugar de publicación, distribución, etc. México :
Nombre del editor, distribuidor, etc. Alfaguara,
Fecha de publicación, distribución, etc. 2000 (2004 impr.)
300 ## - DESCRIPCIÓN FÍSICA
Extensión 598 p.
600 14 - ASIENTO SECUNDARIO DE MATERIA - NOMBRE PERSONAL
Nombre de persona CORTAZAR, JULIO,
Fechas asociadas al nombre 1914-1984 -
Subdivisión general CRITICA E INTERPRETACION
9 (RLIN) 8495
650 #0 - ASIENTO SECUNDARIO DE MATERIA - TERMINO TEMATICO
Término de materia o nombre geográfico como elemento de entrada Novela argentina
9 (RLIN) 5078
905 ## - TIPO DE MATERIAL
Tipo de material Libro
Existencias
Estado de retiro Estado de pérdida Fuente del sistema de clasificación o colocación Estado dañado No para préstamo Código de colección Localización permanente Ubicación/localización actual Ubicación en estantería Fecha de adquisición Total de préstamos Clasificación Código de barras En préstamo Fecha visto por última vez Fecha del último préstamo Número de copia Tipo de ítem Koha
    Library of Congress Classification     Colección General Bib. Gregorio Torres Quintero Bib. Gregorio Torres Quintero Planta baja 22/02/2024 45 PQ7797 C6 R3c 237352 16/04/2024 19/03/2024 19/03/2024 1 Libro
    Library of Congress Classification     Colección General Bib. Gregorio Torres Quintero Bib. Gregorio Torres Quintero Planta baja   1 PQ7797 C6 R3c 199236   31/12/2020   1 Libro